00592pab a2200157 454500008004000000100002000040245015000060260000900210300001300219650003600232650003800268650003800306650004000344650002400384773002600408180718b2000 xxu||||| |||| 00| 0 eng d aConsidine, Mark aContract regimes and reflexive governance: comparing employment service reforms in the United Kingdom, the Netherlands, New Zealand and Australia c2000 ap.613-38 aEmployment services - Australia aEmployment services - New Zealand aEmployment services - Netherlands aEmployment services - Great Britain aEmployment services aPublic Administration